000 02014nam a2200589 i 4500
001 22966
003 KOSZ 005
005 20220905114038.0
008 220905s1985 pl f 000 0 pol
015 _aUWD 1985/4329
020 _a8320406234
035 _a991008211609705066
035 _a(PL-WaBN)b12115812-48omnis_nlop
035 _ab12115812
035 _a(OCoLC)830181100
035 _azz2003972337
035 _a(UJ)vtls000457488
035 _a(PL)b0000001211581
035 _a(EXLNZ-48OMNIS_NETWORK)9910225698005606
040 _aWA N
_cWA N
_dKOSZ 005/RW
041 0 _apol
_aeng
046 _k1962
080 _a62
080 _a(03)
245 0 0 _aMały słownik techniczny angielsko-polski /
_c[opracował zespół Sergiusz Czerni et al.].
246 1 5 _aShorter technological dictionary English-Polish
250 _aWydanie czwarte zmienione i rozszerzone.
260 _aWarszawa :
_bWydawnictwa Naukowo-Techniczne,
_c1985.
300 _a[8], 213, [3] stron ;
_c21 cm.
336 _aTekst
_btxt
_2rdacontent
337 _aBez urządzenia pośredniczącego
_bn
_2rdamedia
338 _aWolumin
_bnc
_2rdacarrier
380 _aKsiążki
380 _aPublikacje informacyjne
388 1 _a1901-2000
388 1 _a1945-1989
500 _aWg metryki książki: Wydanie IV.
650 7 _aTechnika
_2DBN
650 7 _aTerminologia
655 7 _aSłownik angielsko-polski
_2DBN
655 7 _aSłownik terminologiczny
_2DBN
658 _aInżynieria i technika
658 _aJęzykoznawstwo
700 1 _aCzerni, Sergiusz
_eOpracowanie
700 1 _aJaworska, Teresa
_c(filolog)
_eOpracowanie
700 1 _aRomkowska, Ewa
_c(tłumacz)
_eOpracowanie
700 1 _aSkrzyńska, Maria
_eOpracowanie
710 2 _aWydawnictwa Naukowo-Techniczne
_4pbl
856 _uhttp://koha.tu.koszalin.pl/cgi-bin/koha/opac-detail.pl?biblionumber=22966
_yKatalog online BPK
942 _2UKD
_cKS
999 _c22966
_d22966